[Event "Rhein Main op-B 19th"]
[Site "Bad Homburg"]
[Date "2016.05.28"]
[Round "5"]
[White "Theobald, Fabian"]
[Black "Winckler, Andreas"]
[Result "0-1"]
[WhiteElo "1501"]
[BlackElo "1689"]
[PlyCount "100"]
[EventDate "2016.05.25"]
[EventType "swiss"]
[EventRounds "7"]
[EventCountry "GER"]
[SourceTitle "EXT 2017"]
[Source "ChessBase"]
[SourceDate "2016.10.25"]
[SourceVersion "1"]
[SourceVersionDate "2016.10.25"]
[SourceQuality "1"]

1. e4 c5 2. Bc4 Nc6 3. Nf3 e6 4. Nc3 d6 5. d4 cxd4 6. Nxd4 Be7 7. 0-0 Nf6 8. Re1 0-0 9. Bg5 h6 10. Bh4 a6 11. Nxc6 bxc6 12. e5 dxe5 13. Qxd8 Rxd8 14. Rxe5 Rd4 15. Bxf6 Bxf6 16. Rc5 Bb7 17. Ne2 Rd7 18. Rb1 a5 19. Ng3 g6 20. Kf1 Kg7 21. Be2 Be7 22. Rc3 Rad8 23. Rd3 c5 24. Rxd7 Rxd7 25. Rd1 Rxd1+ 26. Bxd1 c4 27. c3 Kf6 28. Be2 Bd5 29. f3 Ke5 30. Ke1 Kd6 31. Nf1 f5 32. Ne3 Kc5 33. Kf2 Bf6 34. g3 a4 35. a3 g5 36. Ng2 h5 37. Bd1 Bc6 38. Ke3 h4 39. Ne1 f4+ 40. gxf4 e5 41. fxg5 Bxg5+ 42. Ke2 h3 43. Kf2 Bf4 44. Kg1 Bc1 45. b4+ axb3 46. Bxb3 cxb3 47. Nd3+ Kc4 48. Nxe5+ Kxc3 49. Nxc6 Bxa3 50. Kf2 Bd6 0-1

[Event "Rhein Main op-B 19th"]
[Site "Bad Homburg"]
[Date "2016.05.26"]
[Round "3"]
[White "Theobald, Fabian"]
[Black "Schmitz, Tim"]
[Result "0-1"]
[WhiteElo "1501"]
[BlackElo "1817"]
[PlyCount "30"]
[EventDate "2016.05.25"]
[EventType "swiss"]
[EventRounds "7"]
[EventCountry "GER"]
[SourceTitle "EXT 2017"]
[Source "ChessBase"]
[SourceDate "2016.10.25"]
[SourceVersion "1"]
[SourceVersionDate "2016.10.25"]
[SourceQuality "1"]

1. e4 c5 2. Bc4 e6 3. Nc3 Nc6 4. Nf3 d6 5. d4 cxd4 6. Nxd4 Nf6 7. Bg5 Be7 8. 0-0 0-0 9. f4 Qb6 10. Nce2 e5 11. fxe5 dxe5 12. Be3 exd4 13. Bxd4 Nxd4 14. Nxd4 Bc5 15. c3 Be6 0-1

[Event "Rhein Main op-B 19th"]
[Site "Bad Homburg"]
[Date "2016.05.25"]
[Round "1"]
[White "Theobald, Fabian"]
[Black "Eg, Karlheinz"]
[Result "1-0"]
[WhiteElo "1501"]
[BlackElo "1854"]
[PlyCount "65"]
[EventDate "2016.05.25"]
[EventType "swiss"]
[EventRounds "7"]
[EventCountry "GER"]
[SourceTitle "EXT 2017"]
[Source "ChessBase"]
[SourceDate "2016.10.25"]
[SourceVersion "1"]
[SourceVersionDate "2016.10.25"]
[SourceQuality "1"]

1. e4 e5 2. Nf3 Nc6 3. Bc4 Nf6 4. Ng5 d5 5. exd5 Na5 6. d3 Be7 7. d6 Nxc4 8. dxe7 Qxe7 9. dxc4 h6 10. Nh3 Bg4 11. f3 Rd8 12. Qe2 Bxh3 13. gxh3 0-0 14. Nc3 Qe6 15. Bd2 Rd4 16. 0-0-0 Rxc4 17. Rhg1 Kh8 18. Qg2 Rg8 19. Rde1 Qf5 20. Ne4 b5 21. c3 Ra4 22. Nxf6 Qxf6 23. a3 c5 24. Qe2 Qc6 25. Qxe5 b4 26. Qe4 Qa6 27. cxb4 cxb4 28. Bxb4 Rc8+ 29. Kb1 Rb8 30. Rxg7 Kxg7 31. Rg1+ Kh8 32. Qe5+ Kh7 33. Qg7# 1-0

[Event "Rhein Main op-B 18th"]
[Site "Bad Homburg"]
[Date "2015.06.03"]
[Round "1"]
[White "Theobald, Fabian"]
[Black "Varma, Christopher"]
[Result "0-1"]
[WhiteElo "1445"]
[BlackElo "1820"]
[PlyCount "30"]
[EventDate "2015.06.03"]
[EventType "swiss"]
[EventRounds "7"]
[EventCountry "GER"]
[SourceTitle "CBM 167 Extra"]
[Source "ChessBase"]
[SourceDate "2015.09.14"]
[SourceVersion "1"]
[SourceVersionDate "2015.09.14"]
[SourceQuality "1"]

1. e4 e6 2. d4 d5 3. exd5 exd5 4. Nc3 Nf6 5. Bg5 c6 6. Nf3 Bd6 7. Bd3 0-0 8. Qd2 Re8+ 9. Ne2 Nbd7 10. 0-0 h6 11. Bh4 Qc7 12. Ng3 Bf4 13. Qd1 g5 14. Nf5 gxh4 15. Nxh6+ Bxh6 0-1

[Event "Rhein Main op-B 17th"]
[Site "Bad Homburg"]
[Date "2014.06.21"]
[Round "6"]
[White "Urbach, Jens"]
[Black "Theobald, Fabian"]
[Result "0-1"]
[WhiteElo "1600"]
[BlackElo "1140"]
[PlyCount "70"]
[EventDate "2014.06.18"]
[EventType "swiss"]
[EventRounds "9"]
[EventCountry "GER"]
[SourceTitle "CBM 161 Extra"]
[Source "ChessBase"]
[SourceDate "2014.08.29"]
[SourceVersion "1"]
[SourceVersionDate "2014.08.29"]
[SourceQuality "1"]

1. e4 e5 2. Nc3 Nf6 3. Nf3 Nc6 4. d4 exd4 5. Nxd4 Bc5 6. Be3 Bxd4 7. Bxd4 Nxd4 8. Qxd4 d6 9. Bc4 Qe7 10. 0-0 Be6 11. Nd5 Bxd5 12. exd5 0-0 13. Rfe1 Qd7 14. Re3 Rfe8 15. Rg3 Qe7 16. Re3 Qd7 17. Rae1 a6 18. R1e2 Rxe3 19. Rxe3 Re8 20. h3 Rxe3 21. Qxe3 h6 22. g4 Nxg4 23. Qa7 Ne5 24. Bf1 Qf5 25. Qb8+ Kh7 26. Qxc7 Qg5+ 27. Kh1 Qc1 28. Kg2 Qg5+ 29. Kh1 Qc1 30. Kg2 Qg5+ 31. Kh1 Nf3 32. Bd3+ f5 33. Bxf5+ Qxf5 34. Kg2 Nh4+ 35. Kg3 Qg5+ 0-1

[Event "Hessen-ch U12"]
[Site "Bad Homburg"]
[Date "2014.??.??"]
[Round "6"]
[White "Theobald, Fabian"]
[Black "Kirchner, Markus"]
[Result "0-1"]
[WhiteElo "1208"]
[BlackElo "1347"]
[PlyCount "130"]
[EventDate "2014.04.??"]
[EventType "swiss"]
[EventRounds "9"]
[EventCountry "GER"]
[SourceTitle "EXT 2022"]
[Source "ChessBase"]
[SourceDate "2021.10.06"]
[SourceVersion "1"]
[SourceVersionDate "2021.10.06"]
[SourceQuality "1"]

1. e4 e6 2. d4 d5 3. exd5 exd5 4. Nc3 c6 5. Nf3 Be7 6. Bd3 Bg4 7. h3 Bh5 8. Bf4 Nf6 9. Qe2 0-0 10. 0-0 Re8 11. Bg5 Nbd7 12. Rfe1 Qc7 13. Bf5 Bxf3 14. Qxf3 Bb4 15. Bxd7 Nxd7 16. a3 Bd6 17. Re2 Qb6 18. Rb1 Qxd4 19. Rd1 Rxe2 20. Qxe2 Qb6 21. Qg4 Qc7 22. Bh6 Be5 23. Be3 Bf6 24. Bd4 Qd6 25. Bxf6 Nxf6 26. Qd4 c5 27. Ne4 Nxe4 28. Qxe4 Rd8 29. Qf3 b6 30. c4 d4 31. Qb7 Qd7 32. Qxd7 Rxd7 33. b3 Kf8 34. Re1 d3 35. Kf1 f6 36. Rd1 Kf7 37. Ke1 Re7+ 38. Kd2 Re2+ 39. Kc3 Rxf2 40. Rxd3 Ke6 41. Rd2 Rxd2 42. Kxd2 Ke5 43. Ke3 f5 44. g3 g5 45. h4 gxh4 46. gxh4 f4+ 47. Kd3 Kf5 48. h5 h6 49. Kd2 Ke4 50. Ke2 f3+ 51. Kd2 Kd4 52. Ke1 Ke3 53. Kf1 Kd3 54. Kf2 Kc3 55. Kxf3 Kxb3 56. Kf4 Kxc4 57. Kf5 Kb3 58. Kg6 c4 59. Kxh6 c3 60. Kg7 c2 61. h6 c1Q 62. h7 Qg5+ 63. Kf8 Qh6+ 64. Kg8 Qxh7+ 65. Kxh7 Kxa3 0-1

[Event "Hessen-ch U12"]
[Site "Bad Homburg"]
[Date "2014.??.??"]
[Round "9"]
[White "Theobald, Fabian"]
[Black "Viol, Julius"]
[Result "1/2-1/2"]
[WhiteElo "1208"]
[BlackElo "1516"]
[PlyCount "71"]
[EventDate "2014.04.??"]
[EventType "swiss"]
[EventRounds "9"]
[EventCountry "GER"]
[SourceTitle "EXT 2022"]
[Source "ChessBase"]
[SourceDate "2021.10.06"]
[SourceVersion "1"]
[SourceVersionDate "2021.10.06"]
[SourceQuality "1"]

1. e4 c5 2. Nc3 e6 3. Nf3 d5 4. exd5 exd5 5. d4 Nf6 6. Bg5 Be6 7. Ne5 a6 8. g3 Nc6 9. Nxc6 bxc6 10. Bg2 h6 11. Be3 Qb6 12. Na4 Qa5+ 13. c3 Nd7 14. dxc5 Nxc5 15. Nxc5 Bxc5 16. b4 Bxb4 17. cxb4 Qxb4+ 18. Qd2 Rb8 19. Qxb4 Rxb4 20. 0-0 Kd7 21. Rab1 Rhb8 22. Rxb4 Rxb4 23. Rc1 Ra4 24. Rc2 Bf5 25. Rb2 f6 26. Bc5 Rc4 27. Be3 Ra4 28. Kf1 Bd3+ 29. Ke1 Bb5 30. Kd2 d4 31. Bf4 g5 32. Bb8 Bc4 33. Rc2 Rxa2 34. Rxa2 Bxa2 35. Kd3 c5 36. Ba7 1/2-1/2

[Event "Karl Mala Memorial op-B 16th"]
[Site "Frankfurt"]
[Date "2013.07.14"]
[Round "7"]
[White "Theobald, Fabian"]
[Black "Happel, Juergen"]
[Result "1/2-1/2"]
[WhiteElo "1067"]
[BlackElo "1552"]
[PlyCount "69"]
[EventDate "2013.07.11"]
[EventType "swiss"]
[EventRounds "7"]
[EventCountry "GER"]
[SourceTitle "CBM 155 Extra"]
[Source "ChessBase"]
[SourceDate "2013.08.26"]
[SourceVersion "1"]
[SourceVersionDate "2013.08.26"]
[SourceQuality "1"]

1. e4 e5 2. Nf3 Nc6 3. Nc3 d6 4. Bb5 Bd7 5. d4 exd4 6. Nxd4 Nf6 7. Bxc6 Bxc6 8. Nxc6 bxc6 9. Qf3 Qd7 10. Bf4 Qg4 11. Qxg4 Nxg4 12. h3 Ne5 13. Bxe5 dxe5 14. Rd1 Bd6 15. 0-0 0-0 16. Rd3 Rab8 17. Rb1 Rfd8 18. a3 Be7 19. Rxd8+ Rxd8 20. Rd1 Rxd1+ 21. Nxd1 Bg5 22. Kf1 Kf8 23. Ke2 Ke7 24. Ne3 Bxe3 25. Kxe3 Kd6 26. Kd3 Kc5 27. Ke3 Kc4 28. f3 f6 29. g4 g5 30. Kd2 Kd4 31. b3 Kc5 32. Kc3 h6 33. Kd3 Kb5 34. Kc3 a5 35. Kd3 1/2-1/2

[Event "Karl Mala Memorial op-B 16th"]
[Site "Frankfurt"]
[Date "2013.07.14"]
[Round "6"]
[White "Theobald, Fabian"]
[Black "Woehl, Sebastian"]
[Result "1-0"]
[WhiteElo "1067"]
[BlackElo "1515"]
[PlyCount "87"]
[EventDate "2013.07.11"]
[EventType "swiss"]
[EventRounds "7"]
[EventCountry "GER"]
[SourceTitle "CBM 155 Extra"]
[Source "ChessBase"]
[SourceDate "2013.08.26"]
[SourceVersion "1"]
[SourceVersionDate "2013.08.26"]
[SourceQuality "1"]

1. e4 c5 2. Nc3 Nc6 3. Nf3 g6 4. Bc4 Bg7 5. d3 d6 6. h3 Nf6 7. Bg5 0-0 8. Qd2 Bd7 9. 0-0-0 a6 10. Rhe1 b5 11. Bd5 Rc8 12. Bh6 b4 13. Ne2 a5 14. Bxg7 Kxg7 15. Ng5 a4 16. Nf4 Rb8 17. Bxc6 Qb6 18. Bxd7 Nxd7 19. Nd5 Qd8 20. Nf4 Qb6 21. Nd5 Qd8 22. Nf4 Qb6 23. Nge6+ fxe6 24. Nxe6+ Kg8 25. Nxf8 Kxf8 26. Qh6+ Kg8 27. Qg5 Nf6 28. e5 b3 29. axb3 axb3 30. Rd2 Qa5 31. Kd1 bxc2+ 32. Rxc2 Nd5 33. exd6 c4 34. dxc4 Nc3+ 35. Rxc3 Qxg5 36. dxe7 Kf7 37. Rf3+ Ke8 38. Rf8+ Kd7 39. Rxb8 Qxg2 40. e8Q+ Kc7 41. Re7+ Kd6 42. Rd8+ Kc5 43. Rc7+ Kb4 44. Rb8+ 1-0

[Event "Karl Mala Memorial op-B 16th"]
[Site "Frankfurt"]
[Date "2013.07.13"]
[Round "5"]
[White "Schindehuette, Frank"]
[Black "Theobald, Fabian"]
[Result "1-0"]
[WhiteElo "1671"]
[BlackElo "1067"]
[PlyCount "57"]
[EventDate "2013.07.11"]
[EventType "swiss"]
[EventRounds "7"]
[EventCountry "GER"]
[SourceTitle "CBM 155 Extra"]
[Source "ChessBase"]
[SourceDate "2013.08.26"]
[SourceVersion "1"]
[SourceVersionDate "2013.08.26"]
[SourceQuality "1"]

1. f4 d5 2. c4 e6 3. Nf3 Nf6 4. d4 Nbd7 5. c5 c6 6. Nc3 b6 7. b4 a5 8. Ne5 axb4 9. Nxc6 Qc7 10. Nxb4 bxc5 11. Nc2 cxd4 12. Nb5 Qa5+ 13. Bd2 Qxb5 14. e4 Qb6 15. Rb1 Qc7 16. exd5 Nxd5 17. Nxd4 Rxa2 18. Nb5 Qc5 19. Rc1 Ne3 20. Rxc5 Nxd1 21. Rxc8+ Ke7 22. Kxd1 Ra1+ 23. Kc2 Ra2+ 24. Kd3 Kf6 25. Bc3+ Kf5 26. Nd4+ Kg6 27. Ke3 h6 28. g4 Kf6 29. Nf5+ 1-0

[Event "Karl Mala Memorial op-B 16th"]
[Site "Frankfurt"]
[Date "2013.07.12"]
[Round "3"]
[White "Lochmann, Tobias"]
[Black "Theobald, Fabian"]
[Result "0-1"]
[WhiteElo "736"]
[BlackElo "1067"]
[PlyCount "52"]
[EventDate "2013.07.11"]
[EventType "swiss"]
[EventRounds "7"]
[EventCountry "GER"]
[SourceTitle "CBM 155 Extra"]
[Source "ChessBase"]
[SourceDate "2013.08.26"]
[SourceVersion "1"]
[SourceVersionDate "2013.08.26"]
[SourceQuality "1"]

1. e4 e5 2. Nf3 Nc6 3. Nc3 Nf6 4. Bc4 h6 5. 0-0 Bb4 6. a3 Bxc3 7. dxc3 Nxe4 8. Bd5 Nf6 9. Qe1 Nxd5 10. Nxe5 0-0 11. f4 Re8 12. c4 Nf6 13. Qf2 Nxe5 14. fxe5 Rxe5 15. Bf4 Re6 16. Rad1 b6 17. Qd4 Bb7 18. Be5 c5 19. Qe3 d6 20. Bxf6 Rxe3 21. Bxd8 Rxd8 22. h3 Re2 23. b4 Rxg2+ 24. Kh1 Rxc2+ 25. Kg1 cxb4 26. axb4 Rxc4 0-1

[Event "Rhein Main op-B 16th"]
[Site "Bad Homburg"]
[Date "2013.06.02"]
[Round "7"]
[White "Urbach, Jens"]
[Black "Theobald, Fabian"]
[Result "1-0"]
[WhiteElo "1606"]
[BlackElo "927"]
[PlyCount "59"]
[EventDate "2013.05.29"]
[EventType "swiss"]
[EventRounds "7"]
[EventCountry "GER"]
[SourceTitle "EXT 2014"]
[Source "ChessBase"]
[SourceDate "2013.11.20"]
[SourceVersion "1"]
[SourceVersionDate "2013.11.20"]
[SourceQuality "1"]

1. e4 e5 2. Nf3 Nc6 3. d4 f6 4. d5 Nce7 5. Be2 d6 6. 0-0 f5 7. Nc3 Nf6 8. Bd3 f4 9. b3 c6 10. dxc6 Nxc6 11. Nd5 Bg4 12. c3 Qa5 13. b4 Qd8 14. h3 Bxh3 15. gxh3 Qd7 16. Ng5 h6 17. Nxf6+ gxf6 18. Qh5+ Kd8 19. Nf7+ Kc7 20. Nxh8 Bg7 21. Ng6 Rg8 22. Bc4 Rd8 23. Qf5 Qe8 24. Kh2 Ne7 25. Nxe7 Qxe7 26. Rg1 Re8 27. Qe6 Qxe6 28. Bxe6 Rxe6 29. Rxg7+ Kc6 30. f3 1-0

[Event "Rhein Main op-B 16th"]
[Site "Bad Homburg"]
[Date "2013.05.31"]
[Round "4"]
[White "Droeser, Wolfgang"]
[Black "Theobald, Fabian"]
[Result "0-1"]
[WhiteElo "1490"]
[BlackElo "927"]
[PlyCount "36"]
[EventDate "2013.05.29"]
[EventType "swiss"]
[EventRounds "7"]
[EventCountry "GER"]
[SourceTitle "EXT 2014"]
[Source "ChessBase"]
[SourceDate "2013.11.20"]
[SourceVersion "1"]
[SourceVersionDate "2013.11.20"]
[SourceQuality "1"]

1. f4 d5 2. Nf3 Nf6 3. e3 Nc6 4. b3 d4 5. d3 Bg4 6. Be2 e6 7. c3 dxc3 8. Nxc3 Bb4 9. Qc2 Qd6 10. 0-0 0-0-0 11. a3 Bxc3 12. Qxc3 Bxf3 13. Rxf3 e5 14. e4 Nd4 15. Rf2 exf4 16. Kf1 Nxe2 17. Kxe2 Nxe4 18. dxe4 Qd1# 0-1

[Event "Hessen-ch U12"]
[Site "Bad Homburg"]
[Date "2013.??.??"]
[Round "8"]
[White "Bajorski, Marius"]
[Black "Theobald, Fabian"]
[Result "1-0"]
[WhiteElo "1157"]
[BlackElo "760"]
[PlyCount "53"]
[EventDate "2013.03.??"]
[EventType "swiss"]
[EventRounds "9"]
[EventCountry "GER"]
[SourceTitle "EXT 2014"]
[Source "ChessBase"]
[SourceDate "2013.11.20"]
[SourceVersion "1"]
[SourceVersionDate "2013.11.20"]
[SourceQuality "1"]

1. e4 e5 2. Nf3 Nc6 3. Bb5 Nf6 4. 0-0 Bc5 5. Nc3 Qe7 6. d3 Bd4 7. Bd2 Qc5 8. Nxd4 Nxd4 9. Bc4 Nxe4 10. Nxe4 Qc6 11. Nc3 Qg6 12. Ne2 c6 13. Ng3 d5 14. Bb3 h5 15. h4 f5 16. Re1 e4 17. dxe4 fxe4 18. c4 Nf5 19. Bg5 Be6 20. Nxf5 Qxf5 21. cxd5 cxd5 22. Qe2 a6 23. f3 Kf7 24. fxe4 dxe4 25. Rf1 Qxf1+ 26. Rxf1+ Kg6 27. Bxe6 1-0

[Event "Hessen-ch U12"]
[Site "Bad Homburg"]
[Date "2013.??.??"]
[Round "3"]
[White "Theobald, Fabian"]
[Black "Kirchner, Johanna"]
[Result "1-0"]
[WhiteElo "760"]
[BlackElo "966"]
[PlyCount "43"]
[EventDate "2013.03.??"]
[EventType "swiss"]
[EventRounds "9"]
[EventCountry "GER"]
[SourceTitle "EXT 2014"]
[Source "ChessBase"]
[SourceDate "2013.11.20"]
[SourceVersion "1"]
[SourceVersionDate "2013.11.20"]
[SourceQuality "1"]

1. e4 e5 2. Nc3 Nf6 3. Nf3 Nc6 4. Bc4 d6 5. Ng5 Be6 6. Bxe6 fxe6 7. Nxe6 Ng8 8. Nxd8 Nxd8 9. Nd5 Rc8 10. Qg4 Rb8 11. Nxc7+ Ke7 12. d3 Nf6 13. Qf5 g6 14. Qf3 Rc8 15. Bg5 Bg7 16. Nd5+ Kf7 17. Nxf6 Ne6 18. Nd5+ Ke8 19. Bf6 Nd4 20. Qg4 Kf7 21. Qd7+ Kg8 22. Qxg7# 1-0